<?xml version="1.0" encoding="UTF-8"?><?xml-stylesheet type="text/xsl" href="static/style.xsl"?><OAI-PMH xmlns="http://www.openarchives.org/OAI/2.0/" xmlns:xsi="http://www.w3.org/2001/XMLSchema-instance" xsi:schemaLocation="http://www.openarchives.org/OAI/2.0/ http://www.openarchives.org/OAI/2.0/OAI-PMH.xsd"><responseDate>2026-04-27T14:40:19Z</responseDate><request verb="GetRecord" identifier="oai:uvadoc.uva.es:10324/7286" metadataPrefix="marc">https://uvadoc.uva.es/oai/request</request><GetRecord><record><header><identifier>oai:uvadoc.uva.es:10324/7286</identifier><datestamp>2021-06-29T10:14:21Z</datestamp><setSpec>com_10324_38</setSpec><setSpec>col_10324_852</setSpec></header><metadata><record xmlns="http://www.loc.gov/MARC21/slim" xmlns:doc="http://www.lyncode.com/xoai" xmlns:xsi="http://www.w3.org/2001/XMLSchema-instance" xmlns:dcterms="http://purl.org/dc/terms/" xsi:schemaLocation="http://www.loc.gov/MARC21/slim http://www.loc.gov/standards/marcxml/schema/MARC21slim.xsd">
<leader>00925njm 22002777a 4500</leader>
<datafield tag="042" ind1=" " ind2=" ">
<subfield code="a">dc</subfield>
</datafield>
<datafield tag="720" ind1=" " ind2=" ">
<subfield code="a">González Cañibano, María</subfield>
<subfield code="e">author</subfield>
</datafield>
<datafield tag="260" ind1=" " ind2=" ">
<subfield code="c">2014</subfield>
</datafield>
<datafield tag="520" ind1=" " ind2=" ">
<subfield code="a">El presente Trabajo de Fin de Grado (TFG) que aquí expongo contiene un material didáctico, tanto para el alumnado como para las familias, basado en la prevención de actitudes y comportamientos violentos que se puedan adquirir a través de la televisión.&#xd;
Este trabajo es el resultado de un detallado estudio de la sociología, centrada en la parte de violencia social y de una minuciosa preparación de sesiones para poder llevarlo a cabo.&#xd;
La propuesta educativa que expongo a continuación se basa en el análisis de dos series de dibujos infantiles y, a partir de éstas, trabajar con las familias en la prevención y búsqueda de soluciones a la observación de imágenes violentas por parte de sus hijos; y con el alumnado para que desarrollen un aprendizaje significativo y puedan ser críticos con lo que ven día a día en televisión.</subfield>
</datafield>
<datafield tag="024" ind2=" " ind1="8">
<subfield code="a">http://uvadoc.uva.es/handle/10324/7286</subfield>
</datafield>
<datafield ind1=" " ind2=" " tag="653">
<subfield code="a">Televisión y niños</subfield>
</datafield>
<datafield ind1=" " ind2=" " tag="653">
<subfield code="a">Violencia en televisión</subfield>
</datafield>
<datafield ind1=" " ind2=" " tag="653">
<subfield code="a">Medios audiovisuales - Aspecto psicológico</subfield>
</datafield>
<datafield ind1=" " ind2=" " tag="653">
<subfield code="a">Agresividad en el niño</subfield>
</datafield>
<datafield tag="245" ind1="0" ind2="0">
<subfield code="a">Expresiones sociales de la violencia en el entorno de la educación. La televisión y los niños</subfield>
</datafield>
</record></metadata></record></GetRecord></OAI-PMH>